20 cuecas tarijeñas: cancionero N§2
Saved in:
| Hovedforfatter: | |
|---|---|
| Format: | Bog |
| Sprog: | spansk |
| Udgivet: |
Tarija
Luis de Fuentes
1999
|
| Fag: | |
| Tags: |
Tilføj Tag
Ingen Tags, Vær først til at tagge denne postø!
|
MARC
| LEADER | 00000nam a2200000 a 4500 | ||
|---|---|---|---|
| 001 | UCM1038 | ||
| 003 | CL-VaPUC | ||
| 008 | 020322e19990000BO |||||||||||||||||spa|d | ||
| 082 | 0 | 4 | |a 781.6284 |b ARD |2 21 |
| 100 | 0 | |a Arduz Ruiz, Fernando |e author |9 468068 | |
| 245 | 1 | 0 | |a 20 cuecas tarijeñas: cancionero N§2 |
| 300 | |a 51 p | ||
| 942 | |c BK | ||
| 945 | |d 20020322 00:00:00 |a cmena | ||
| 260 | |a Tarija |b Luis de Fuentes |c 1999 | ||
| 650 | 7 | |a CUECAS BOLIVIANAS |2 CL-VaPUC |9 468069 | |
| 650 | 7 | |a MUSICA FOLKLORICA BOLIVIANA |2 CL-VaPUC |9 468070 | |
| 650 | 7 | |a DANZAS BOLIVIANAS |2 CL-VaPUC |9 468071 | |
| 583 | |a last modification |c 20020322 00:00:00 |k Rodrigo Vera | ||
| 999 | |c 299752 |d 299750 | ||
| 952 | |0 0 |1 0 |4 0 |6 781_628400000000000_ARD_1999 |7 0 |8 X |9 356653 |a FDOMLP |b FDOMLP |d 2019-11-21 |i 3797325 |o 781.6284 ARD 1999 |p 3797325 |r 2019-11-21 |w 2019-11-21 |y BK_X |k BU2 | ||